000
00317nam a22001337a 4500
008
181218b xxu||||| |||| 00| 0 eng d
020
_a
9780787970604
041
_a
eng
080
_a
159.9
100
_a
49
101
_a
PSI
245
_a
The Handbook of Women, Psychology, and the Law
_c
Barnes, A
942
_2
udc
_c
BK
999
_c
53468
_d
53468